<?xml version="1.0" encoding="UTF-8"?>
<record
    xmlns:xsi="http://www.w3.org/2001/XMLSchema-instance"
    xsi:schemaLocation="http://www.loc.gov/MARC21/slim http://www.loc.gov/standards/marcxml/schema/MARC21slim.xsd"
    xmlns="http://www.loc.gov/MARC21/slim">

  <leader>00344nam a2200145Ia 4500</leader>
  <datafield tag="100" ind1=" " ind2=" ">
    <subfield code="a">Mazidi/M.A/ Mazidi/J.G </subfield>
  </datafield>
  <datafield tag="942" ind1=" " ind2=" ">
    <subfield code="c">BK</subfield>
  </datafield>
  <datafield tag="366" ind1=" " ind2=" ">
    <subfield code="f">15</subfield>
  </datafield>
  <datafield tag="654" ind1=" " ind2=" ">
    <subfield code="a">8051</subfield>
  </datafield>
  <datafield tag="245" ind1=" " ind2=" ">
    <subfield code="a">8051 Microcontroller and embedded systems</subfield>
  </datafield>
  <datafield tag="260" ind1=" " ind2=" ">
    <subfield code="b">Prentice Hall of India</subfield>
    <subfield code="a">New Delhi</subfield>
    <subfield code="c">2000</subfield>
  </datafield>
  <datafield tag="082" ind1=" " ind2=" ">
    <subfield code="a">004.16/MAZ</subfield>
    <subfield code="b">MAZ</subfield>
  </datafield>
  <datafield tag="300" ind1=" " ind2=" ">
    <subfield code="a">435</subfield>
  </datafield>
  <datafield tag="546" ind1=" " ind2=" ">
    <subfield code="a">ENGLISH</subfield>
  </datafield>
  <datafield tag="999" ind1=" " ind2=" ">
    <subfield code="c">22900</subfield>
    <subfield code="d">22900</subfield>
  </datafield>
  <datafield tag="952" ind1=" " ind2=" ">
    <subfield code="0">0</subfield>
    <subfield code="1">0</subfield>
    <subfield code="4">0</subfield>
    <subfield code="7">0</subfield>
    <subfield code="8">CRC</subfield>
    <subfield code="a">CRCE</subfield>
    <subfield code="b">CRCE</subfield>
    <subfield code="c">1510 | 30</subfield>
    <subfield code="d">2023-03-17</subfield>
    <subfield code="e">Chemtech Books Pvt.Ltd.</subfield>
    <subfield code="g">310.00</subfield>
    <subfield code="l">0</subfield>
    <subfield code="o">004.16/MAZ MAZ</subfield>
    <subfield code="p">16534</subfield>
    <subfield code="r">2023-03-17</subfield>
    <subfield code="v">325.00</subfield>
    <subfield code="w">0000-00-00</subfield>
    <subfield code="y">BK</subfield>
  </datafield>
  <datafield tag="952" ind1=" " ind2=" ">
    <subfield code="0">0</subfield>
    <subfield code="1">0</subfield>
    <subfield code="4">0</subfield>
    <subfield code="7">0</subfield>
    <subfield code="8">CRC</subfield>
    <subfield code="a">CRCE</subfield>
    <subfield code="b">1234</subfield>
    <subfield code="c">1510 | 30</subfield>
    <subfield code="d">2023-03-17</subfield>
    <subfield code="e">Chemtech Books Pvt.Ltd.</subfield>
    <subfield code="g">310.00</subfield>
    <subfield code="l">1</subfield>
    <subfield code="o">004.16/MAZ MAZ</subfield>
    <subfield code="p">16535</subfield>
    <subfield code="r">2025-03-03</subfield>
    <subfield code="s">2024-02-15</subfield>
    <subfield code="v">325.00</subfield>
    <subfield code="w">0000-00-00</subfield>
    <subfield code="y">BK</subfield>
  </datafield>
  <datafield tag="952" ind1=" " ind2=" ">
    <subfield code="0">0</subfield>
    <subfield code="1">0</subfield>
    <subfield code="4">0</subfield>
    <subfield code="7">0</subfield>
    <subfield code="8">CRC</subfield>
    <subfield code="a">CRCE</subfield>
    <subfield code="b">CRCE</subfield>
    <subfield code="c">1510 | 30</subfield>
    <subfield code="d">2023-03-17</subfield>
    <subfield code="e">Chemtech Books Pvt.Ltd.</subfield>
    <subfield code="g">310.00</subfield>
    <subfield code="l">0</subfield>
    <subfield code="o">004.16/MAZ MAZ</subfield>
    <subfield code="p">16536</subfield>
    <subfield code="r">2023-03-17</subfield>
    <subfield code="v">325.00</subfield>
    <subfield code="w">0000-00-00</subfield>
    <subfield code="y">BK</subfield>
  </datafield>
  <datafield tag="952" ind1=" " ind2=" ">
    <subfield code="0">0</subfield>
    <subfield code="1">0</subfield>
    <subfield code="4">0</subfield>
    <subfield code="7">0</subfield>
    <subfield code="8">CRC</subfield>
    <subfield code="a">CRCE</subfield>
    <subfield code="b">428</subfield>
    <subfield code="c">1510 | 30</subfield>
    <subfield code="d">2023-03-17</subfield>
    <subfield code="e">Chemtech Books Pvt.Ltd.</subfield>
    <subfield code="g">310.00</subfield>
    <subfield code="l">2</subfield>
    <subfield code="o">004.16/MAZ MAZ</subfield>
    <subfield code="p">16537</subfield>
    <subfield code="r">2025-02-27</subfield>
    <subfield code="s">2025-01-15</subfield>
    <subfield code="v">325.00</subfield>
    <subfield code="w">0000-00-00</subfield>
    <subfield code="y">BK</subfield>
  </datafield>
  <datafield tag="952" ind1=" " ind2=" ">
    <subfield code="0">0</subfield>
    <subfield code="1">0</subfield>
    <subfield code="4">0</subfield>
    <subfield code="7">0</subfield>
    <subfield code="8">CRC</subfield>
    <subfield code="a">CRCE</subfield>
    <subfield code="b">1234</subfield>
    <subfield code="c">1510 | 30</subfield>
    <subfield code="d">2023-03-17</subfield>
    <subfield code="e">Chemtech Books Pvt.Ltd.</subfield>
    <subfield code="g">310.00</subfield>
    <subfield code="l">1</subfield>
    <subfield code="o">004.16/MAZ MAZ</subfield>
    <subfield code="p">16538</subfield>
    <subfield code="q">2010-02-05</subfield>
    <subfield code="r">2023-06-05</subfield>
    <subfield code="s">2023-06-05</subfield>
    <subfield code="v">325.00</subfield>
    <subfield code="w">0000-00-00</subfield>
    <subfield code="y">BK</subfield>
  </datafield>
</record>
